1768 1625 1533 1447 1668 1643 1864 1341 1687 1692 1640 1025 1055 1387 1275 1041 1971 1005 1691 1736 1935 1171 1804 1817 1642 1218 1824 1201 1351 1114 1387 1670 1823 1863 1127 1873 1977 1860 1556 1270 1186 1480 1731 1890 1270 1709 1161 1016 1052 1499 1477 1241 1415 1233 1779 1169 1991 1976 1331 1805 1869 1260 1892 1014 1156 1123 1885 1086 1467 1270 1823 1210 1088 1536 1050 1021 1854 1950 1558 1689 1477 1347 1178 1661 1754 1891 1370 1391 1287 1879 1268 1256 1181 1867 1169 1454 1369 1006 1235 BCNSPRNW ULIB Ver.6.0+V

เปลี่ยนเป็นภาษาไทย

Change to English
 แสดงรายละเอียดบรรณานุกรม
  กลับหน้าหลัก

Brief Record : Get Marc (ISO 2709) : E-mail record : QR code < ปิดหน้าต่าง
LEADER : 00000nam 2200000uu 4500
001    13399113226
003     ULIB
008    111003s2548||||th 000 0 tha d
020    9744725117
050 04 QD33^bR111ค 2548
100 1  ไรอัน, ลอว์รี
245 10 เคมี /^cLawrie Ryan ; แปล: จินดา อุดชาชน ... [และคนอื่นๆ]
250    พิมพ์ครั้งที่ 6
260    กรุงเทพฯ :^bนานมีบุ๊คส์พับลิเคชั่นส์,^c2548
300    352 หน้า :^bภาพประกอบ
500    หนังสือเสริมเพื่อการเรียนวิทยาศาสตร์ระดับมัธยมศึกษาหลักสูตรแห่งชาติระดับมัธยมศึกษา (GCSE) ของประเทศอังกฤษ
650  7 เคมี
700 00 จินดา อุดชาชน,^eแปล
945    ^p450^l0^i023061
945    ^p450^l0^i023216
995    ทศพร
999 ^a ทศพร
รายการนี้ยังไม่มีแท็ก
คุณยังไม่ได้ล็อกอิน คุณสามารถมีกิจกรรมร่วมกับเว็บไซต์ได้ แต่ต้องล็อกอินก่อน ::
  ล็อกอิน

รายการสื่อสารสนเทศ

ลำดับที่ ประเภท เลขเรียก/บาร์โค้ด สถานที่ สถานะ
- ไม่พบข้อมูล -

รายการใกล้เคียง
    ผู้แต่ง [ไรอัน, ลอว์รี]

    หัวเรื่อง [เคมี]

BibComment


ยังไม่เคยถูกคอมเมนท์

คอมเมนท์ทรัพยากรรายการนี้
  คอมเมนท์: เคมี Lawrie Ryan..


 Copyright 2026. Bcnsprnw @Library